Data architecture : (Record no. 170926)

MARC details
000 -LEADER
fixed length control field 00873nam a22002537a 4500
003 - CONTROL NUMBER IDENTIFIER
control field OSt
005 - DATE AND TIME OF LATEST TRANSACTION
control field 20240826151718.0
008 - FIXED-LENGTH DATA ELEMENTS--GENERAL INFORMATION
fixed length control field 240731b |||||||| |||| 00| 0 eng d
020 ## - INTERNATIONAL STANDARD BOOK NUMBER
International Standard Book Number 9780128020449 (paperback)
040 ## - CATALOGING SOURCE
Original cataloging agency NUST
Language of cataloging eng
Transcribing agency NUST
Modifying agency NUST
Description conventions rda
050 ## - LIBRARY OF CONGRESS CALL NUMBER
Classification number QA76.9 INM
100 ## - MAIN ENTRY--PERSONAL NAME
Personal name Inmon, W .H.
Relator term Author
245 ## - TITLE STATEMENT
Title Data architecture :
Remainder of title a primer for the data scientist, big data, data warehouse and data vault /
Statement of responsibility, etc. Inmon, W H
260 ## - PUBLICATION, DISTRIBUTION, ETC.
Place of publication, distribution, etc. St Louis :
Name of publisher, distributor, etc. Elsevier,
Date of publication, distribution, etc. 2015.
300 ## - PHYSICAL DESCRIPTION
Extent xxi, 355 pages :
Other physical details Illustrations ;
Dimensions 26 cm.
336 ## - CONTENT TYPE
Source rdamedia
Content type term text
Content type code txt
337 ## - MEDIA TYPE
Source rdamedia
Media type term unmediated
Media type code n
338 ## - CARRIER TYPE
Source rdamedia
Carrier type term volume
Carrier type code nc
504 ## - BIBLIOGRAPHY, ETC. NOTE
Bibliography, etc. note Includes index.
650 ## - SUBJECT ADDED ENTRY--TOPICAL TERM
Form subdivision Data structure (computer science)
650 ## - SUBJECT ADDED ENTRY--TOPICAL TERM
Form subdivision SWoftware architecture.
700 ## - ADDED ENTRY--PERSONAL NAME
Personal name Linstedt, Daniel
Relator term Author
942 ## - ADDED ENTRY ELEMENTS (KOHA)
Source of classification or shelving scheme Library of Congress Classification
Koha item type Ordinary Loan Books
Classification part QA76.9 INM
Call number prefix QA
Call number suffix INM
Suppress in OPAC No
Holdings
Withdrawn status Lost status Source of classification or shelving scheme Damaged status Not for loan Collection Home library Current library Shelving location Date acquired Source of acquisition Cost, normal purchase price Total Checkouts Full call number Barcode Date last seen Accession number Cost, replacement price Price effective from Koha item type Public note
    LCC     NFIC MAIN MAIN GEN 07/31/2024 Book Aid International 80.00   QA76.9 INM 92004053118 07/31/2024 59846 80.00 07/31/2024 BOOKS Donation